NBC's Chuck Ultimate Quiz Stats

 Plays Quiz not verified by Sporcle

Score 0/17 Timer 20:00
0 Plays Today
Hint Answer % Correct
Chucks Best FriendMorgan Grimes
91.9%
Agency Linked With ChuckCIA
90.8%
Chucks HandlerSarah Walker
83.6%
Chucks CollegeStanford
82.7%
Chucks Friend Back In StanfordBryce Larkin
81.4%
Name Of Chucks BaseCastle
76.5%
Chucks Musical Co-WorkersJeffster
72.5%
General In Charge Of Operation BartowskiGeneral Beckman
71.8%
Chucks OccupationBuy More
67.7%
Hint Answer % Correct
Chucks Brother In Law Post Season 2Devon
63.7%
Chucks Mothers Name Mary Bartowski
54.1%
Morgans LoverAnna Wu
36.8%
Chucks First GirlfriendJill Roberts
29.2%
The Computer Program Chuck RecievedIntercect
11.3%
Chucks SisterElizabeth Bartowski
9.3%
Creator Of The Intersect Steve Bartowski
8.9%
Assistant Store Manager At The Buy MoreEmmit Milbarge
3.5%

You're not logged in!

Compare scores with friends on all Sporcle quizzes.
OR
Log In

Show Comments

Extras

Created Feb 4, 2014ReportNominate
Tags:chuck, complete, NBC, NBC Chuck, ultimate

Top Quizzes Today


Score Distribution

Your Account Isn't Verified!

In order to create a playlist on Sporcle, you need to verify the email address you used during registration. Go to your Sporcle Settings to finish the process.

Report this User

Report this user for behavior that violates our Community Guidelines.

Details: